Rasgos generales de la evolución reciente
Guardat en:
| Format: | Text |
|---|---|
| Matèries: | |
| Etiquetes: |
Afegir etiqueta
Sense etiquetes, Sigues el primer a etiquetar aquest registre!
|
MARC
| LEADER | 00000 a a2200000 04500 | ||
|---|---|---|---|
| 001 | 6890 | ||
| 003 | |||
| 040 | |||
| 245 | |a Rasgos generales de la evolución reciente | ||
| 500 | |a Istmo centroamericano: evolución económica durante 2006 y perspectivas para 2007 elaborado por la CEPAL | ||
| 650 | |a ECONOMIA | ||
| 650 | |a AMERICA LATINA | ||
| 773 | |g volumen 28, número 1264; páginas 12-14 | ||
| 999 | |c 28394 |d 28394 | ||
